| 000 | 00633nam a2200193 i 4500 | ||
|---|---|---|---|
| 001 | 87237 | ||
| 003 | ES-MaACL | ||
| 005 | 20230906175626.0 | ||
| 007 | t| | ||
| 008 | 041220s1965 sp ||||1| spa d | ||
| 100 | 1 |
_aKnoche, Ernst. _968359 |
|
| 245 | 1 | 3 |
_aLa mediastinoscopia / _cpor Ernst Knoche, Hans Rink ; prólogo, Francisco Blanco ; traducción, Rafael Gironés. |
| 260 |
_aBarcelona : _bEditorial Científico-Médica, _c1965. |
||
| 300 |
_aX, 75 p. : _bil. ; _c25 cm. |
||
| 700 | 1 |
_aRink, Hans. _997286 |
|
| 700 | 1 |
_aBlanco, Francisco. _929178 |
|
| 700 | 1 |
_aGironés, Rafael. _957305 |
|
| 852 |
_aES-MaACL _jC-28429 _bR.57601 |
||
| 999 |
_c87237 _d87237 |
||